000 00306nam a2200121Ia 4500
008 220120s9999||||xx |||||||||||||| ||und||
082 _a823 BAR
100 _aBarry, Sebastian
_911979
245 4 _aThe secret scripture
260 _aFaber and faber
_c2009
300 _b0
650 _aHEAT AND MASS TRANSFOR
999 _c137530
_d137530